Pathian Lehkhabu Thiangtho: (Record no. 6872)

MARC details
000 -LEADER
fixed length control field 00423nam a22001577a 4500
003 - CONTROL NUMBER IDENTIFIER
control field GBCCL
005 - DATE AND TIME OF LATEST TRANSACTION
control field 20251201124346.0
008 - FIXED-LENGTH DATA ELEMENTS--GENERAL INFORMATION
fixed length control field 180702b ||||| |||| 00| 0 eng d
040 ## - CATALOGING SOURCE
Transcribing agency GBC
082 ## - DEWEY DECIMAL CLASSIFICATION NUMBER
Classification number VER 220.5954
Item number VAI 1
245 ## - TITLE STATEMENT
Title Pathian Lehkhabu Thiangtho:
Remainder of title Thuthung lui leh a thak kigawm
260 ## - PUBLICATION, DISTRIBUTION, ETC.
Place of publication, distribution, etc. London:
Name of publisher, distributor, etc. Trinitarian Bible Society,
300 ## - PHYSICAL DESCRIPTION
Extent 1063p.
650 ## - SUBJECT ADDED ENTRY--TOPICAL TERM
Topical term or geographic name entry element Bible
Form subdivision Vaiphei
9 (RLIN) 12289
942 ## - ADDED ENTRY ELEMENTS (KOHA)
Source of classification or shelving scheme Dewey Decimal Classification
Koha item type Reference Books
Holdings
Withdrawn status Lost status Source of classification or shelving scheme Damaged status Not for loan Home library Current Library Shelving location Date acquired Total checkouts Full call number Barcode Date last seen Price effective from Koha item type
    Dewey Decimal Classification     GRACE BIBLE COLLEGE GRACE BIBLE COLLEGE Bible 2018-07-02   VER 220.5954 VAI 001501 2025-05-01 2018-07-02 Reference Books
© Grace Bible College Library 2025